Panorama: (Record no. 192324)

MARC details
000 -LEADER
fixed length control field 00498nam a22001697a 4500
005 - DATE AND TIME OF LATEST TRANSACTION
control field 20220919135452.0
010 ## - LCCN (DPL NO)
LC control number ENG-135124
020 ## - INTERNATIONAL STANDARD BOOK NUMBER
International Standard Book Number 9780199472550
Terms of availability 70.00
035 ## - SYSTEM CONTROL NUMBER
System control number EN-118656
037 ## - SOURCE OF ACQUISITION
Source of stock number/acquisition DBAD / PUB
082 ## - DEWEY DECIMAL CLASSIFICATION NUMBER
Classification number 480
245 ## - TITLE STATEMENT
Title Panorama:
Remainder of title A course on reading
260 ## - PUBLICATION, DISTRIBUTION, ETC. (IMPRINT)
Place of publication, distribution, etc New Delhi
Name of publisher, distributor, etc Oxford University Press
Date of publication, distribution, etc 2016
270 ## - ADDRESS
Address YMCA Library building,1jai singh road
City New Delhi
Postal code 110001
300 ## - PHYSICAL DESCRIPTION
Extent 51p.
Dimensions 22cm(pbk)
Other physical details Glossary
942 ## - ADDED ENTRY ELEMENTS (KOHA)
Source of classification or shelving scheme Dewey Decimal Classification
Item type English Books
Call number suffix PAN
Classification part 480
Holdings
Withdrawn status Lost status Not for loan Collection code Home library Current library Date acquired Source of acquisition Cost, normal purchase price Full call number Barcode Copy number Cost, replacement price Koha item type
      Non-fiction Bawana Bawana 19/09/2022 DBAD/PUB 70.00 480 PAN EN-118656 1 70.00 English Books

© Delhi Public Library
Hit Counter
free hit counter